Dohľad nad finančým trhom v EÚ bakalárska práca

Saved in:
Bibliographic Details
Main Author: Jarošková, Michaela
Corporate Author: Národohospodárska fakulta EU. Katedra bankovníctva a medzinárodných financií
Other Authors: Šturc, Boris, 1961-
Format: Book
Language:Slovak
Published: Bratislava 2013
Tags: Add Tag
No Tags, Be the first to tag this record!

MARC

LEADER 00000nbm a2200000 4500
001 0178014
005 20170314110425.9
041 0 |a slo 
044 |a SK 
245 1 0 |a Dohľad nad finančým trhom v EÚ  |b bakalárska práca  |c Michaela Jarošková ; školiteľ: Boris Šturc 
264 1 |a Bratislava  |c 2013 
100 1 |a Jarošková, Michaela 
700 1 |a Šturc, Boris, 1961- 
710 2 |a Národohospodárska fakulta EU. Katedra bankovníctva a medzinárodných financií